| 000 | 00542nam a22002051a 4500 | ||
|---|---|---|---|
| 001 | 7119 | ||
| 003 | OSt | ||
| 005 | 20260204212117.0 | ||
| 008 | 061107s1998||||dr ||||||b||||||||||spa|| | ||
| 050 | _aRD 511 P393m | ||
| 100 | _aPeña Geraldino, Rafael | ||
| 245 | _aMatemática III: Educación media, primer semestre y segundo semestre / Rafael Peña Geraldino | ||
| 250 | _a2 | ||
| 264 | _aSanto Domingo : Antillana | ||
| 300 | _a222 p | ||
| 490 | _a | ||
| 500 | _aTomo III | ||
| 650 | _a1.Matemáticas - EnseñanzaÌ | ||
| 942 |
_2ddc _cBK |
||
| 999 |
_c7119 _d7119 |
||